Biología del alma (Record no. 159956)

MARC details
000 -LEADER
campo de control de longitud fija 00689nam a22001815i 4500
001 - NÚMERO DE CONTROL
campo de control 159956
003 - IDENTIFICADOR DE NÚMERO DE CONTROL
campo de control ES-MaACL
005 - FECHA Y HORA DE LA ÚLTIMA TRANSACCIÓN
campo de control 20250804012827.0
008 - DATOS DE LONGITUD FIJA--INFORMACIÓN GENERAL
campo de control de longitud fija 950206s1875 sp |||| | spa d
040 ## - FUENTE DE CATALOGACIÓN
Centro catalogador/agencia de origen CLM
Lengua de catalogación spa
Centro/agencia transcriptor CCPB | PA2
100 1# - ENTRADA PRINCIPAL--NOMBRE DE PERSONA
Nombre de persona Moner y Siscar, Joaquín Manuel.
9 (RLIN) 130052
245 10 - MENCIÓN DEL TÍTULO
Título Biología del alma
Resto del título : historia fundamental de la conciencia humana ó psicología, lógica y ética /
Mención de responsabilidad, etc. por Joaquin Manuel Moner y Siscar...
260 ## - PUBLICACIÓN, DISTRIBUCIÓN, ETC.
Lugar de publicación, distribución, etc. Rivagorza-Fonz :
Nombre del editor, distribuidor, etc. Establecimiento literario, Piadoso y Tipográfico de Cervuna,
Fecha de publicación, distribución, etc. 1875.
300 ## - DESCRIPCIÓN FÍSICA
Extensión 446 p. ;
Dimensiones 17 cm.
650 #7 - PUNTO DE ACCESO ADICIONAL DE MATERIA--TÉRMINO DE MATERIA
Término de materia o nombre geográfico como elemento de entrada Metafísica
Fuente del encabezamiento o término embne
9 (RLIN) 15012
852 ## - LOCALIZACIÓN
Ubicación ES-MaACL
Número de control de estantería D-4916
Nota libre -- Rust.
Holdings
Estatus retirado Estado de pérdida Estado de daño No para préstamo Colección Biblioteca de origen Biblioteca actual Ubicación en estantería Fecha de adquisición Fuente de adquisición Total de préstamos Signatura topográfica completa Código de barras Visto por última vez Precio de reemplazo Tipo de ítem Koha
        Libros del s. XIX Biblioteca del Ateneo de Madrid Biblioteca del Ateneo de Madrid Sala Valle Inclán 17/01/2008     D-4916 901167459 23/02/2023 23/02/2023 Libro impreso antiguo